Kleinste Großstadt pro Bundesland - Statistiken

Allgemein
  • Dieses Quiz wurde 138 mal gespielt
  • Das Durchschnittsergebnis liegt bei 10 aus 14
Antwortstatistiken
Bundesland Einwohnerzahl Stadt % Korrekt
Mecklenburg-Vorpommern 209.920 Rostock
94%
Bremen 113.634 Bremerhaven
87%
Schleswig-Holstein 219.044 Lübeck
83%
Saarland 183.509 Saarbrücken
83%
Sachsen-Anhalt 240.114 Magdeburg
82%
Thüringen 110.791 Jena
77%
Sachsen 248.563 Chemnitz
76%
Brandenburg 100.010 Cottbus
76%
Rheinland-Pfalz 101.228 Kaiserslautern
65%
Niedersachsen 102.325 Hildesheim
62%
Bayern 117.806 Erlangen
61%
Hessen 103.184 Hanau
56%
Baden-Württemberg 118.528 Reutlingen
56%
Nordrhein-Westfalen 102.464 Gütersloh
42%
Keine übereinstimmenden Quizze gefunden
Verteilung der Resultate
Anzahl Personen mit jedem Resultat
Perzentil nach korrekt beantworteten Fragen
Ihre Resultats-Entwicklung
Sie haben dieses Quiz noch nicht gespielt